[Event "2nd Karpov Trophy Prelim"]
[Site "Cap d'Agde FRA"]
[Date "2013.10.28"]
[Round "7.4"]
[White "Ivanchuk, Vassily"]
[Black "Bacrot, Etienne"]
[Result "1/2-1/2"]
[WhiteTitle "GM"]
[BlackTitle "GM"]
[WhiteElo "2733"]
[BlackElo "2730"]
[WhiteFideId "14100010"]
[BlackFideId "605506"]
[EventDate "2013.10.25"]

1. d4 Nf6 2. c4 e6 3. Nf3 d5 4. Nc3 c5 5. cxd5 Nxd5 6. e4 Nxc3 7. bxc3 cxd4 8.
cxd4 Bb4+ 9. Bd2 Bxd2+ 10. Qxd2 O-O 11. Bc4 Nd7 12. O-O b6 13. Rfe1 Bb7 14. a4
Rc8 15. Bd3 a5 16. Qb2 Qe7 17. Nd2 h6 18. h3 Rc7 19. Rac1 Rfc8 20. Rxc7 Rxc7 21.
e5 Qd8 22. Be4 Qc8 23. Qa3 Nf8 24. Rb1 Bxe4 25. Nxe4 Qa6 26. Rb5 Qb7 27. Qd3
Rc1+ 28. Kh2 Ng6 29. d5 Re1 30. Nd6 Qe7 31. Rxb6 Rxe5 32. dxe6 Rxe6 33. Rb8+ Kh7
34. Nb5 Re2 35. Rb7 Qe5+ 36. Qg3 Rxf2 37. Nd6 Rd2 38. Nxf7 Qxg3+ 39. Kxg3 Kg8
40. Ra7 Rd5 41. Kg4 Kf8 42. h4 Rd4+ 43. Kg3 Nxh4 44. Ne5 Nf5+ 45. Kh2 Rh4+ 46.
Kg1 Kg8 47. Rxa5 Nd4 48. Rd5 Ne2+ 49. Kf2 Nc3 50. Rd8+ Kh7 51. a5 Rf4+ 52. Kg3
g5 53. Rd3 Ne2+ 54. Kh2 Rh4+ 55. Rh3 Ra4 56. Nc6 Kg7 57. Re3 Rh4+ 58. Rh3 Ra4
59. Re3 Rh4+ 1/2-1/2

[Event "2nd Karpov Trophy Prelim"]
[Site "Cap d'Agde FRA"]
[Date "2013.10.28"]
[Round "8.1"]
[White "Zhao, Xue"]
[Black "Maisuradze, Nino"]
[Result "1-0"]
[WhiteTitle "GM"]
[BlackTitle "WGM"]
[WhiteElo "2579"]
[BlackElo "2302"]
[WhiteFideId "8601283"]
[BlackFideId "13601717"]
[EventDate "2013.10.25"]

1. c4 e5 2. Nc3 Nc6 3. g3 g6 4. Bg2 Bg7 5. e3 d6 6. Nge2 f5 7. Rb1 Be6 8. d3 Nf6
9. b4 Qd7 10. b5 Nd8 11. a4 O-O 12. Ba3 f4 13. exf4 exf4 14. Nxf4 Bg4 15. Qc2
Re8+ 16. Ne4 g5 17. Ne2 Bxe2 18. Qxe2 c6 19. O-O Kh8 20. Qd2 Nxe4 21. dxe4 Nf7
22. c5 Rad8 23. cxd6 cxb5 24. Rxb5 a6 25. Rf5 Be5 26. Qd5 Kg7 27. Rb1 Rb8 28. a5
Kg6 29. Bh3 g4 30. Bxg4 1-0

[Event "2nd Karpov Trophy Prelim"]
[Site "Cap d'Agde FRA"]
[Date "2013.10.28"]
[Round "8.2"]
[White "Sebag, Marie"]
[Black "Pelletier, Yannick"]
[Result "0-1"]
[WhiteTitle "GM"]
[BlackTitle "GM"]
[WhiteElo "2510"]
[BlackElo "2578"]
[WhiteFideId "617822"]
[BlackFideId "1301837"]
[EventDate "2013.10.25"]

1. e4 e6 2. d4 d5 3. Nd2 c5 4. Ngf3 Nf6 5. exd5 exd5 6. Bb5+ Bd7 7. Bxd7+ Nbxd7
8. O-O Be7 9. dxc5 Nxc5 10. Re1 O-O 11. Nf1 Re8 12. Be3 Qc7 13. c3 Ncd7 14. Bd4
Bc5 15. Ne3 Re4 16. Bxf6 Nxf6 17. Nxd5 Bxf2+ 18. Kxf2 Qc5+ 19. Nd4 Qxd5 20. Kg1
Rae8 21. Rxe4 Nxe4 22. Qf3 g6 23. a3 b5 24. Qd3 Nd6 25. Qf3 Re4 26. Rd1 Qe5 27.
Qf2 Nc4 28. Nf3 Qe7 29. b3 Re2 30. Qd4 Nxa3 31. Qd8+ Qxd8 32. Rxd8+ Kg7 33. Rd7
a5 34. Ra7 Nc2 35. Kf1 Re3 36. Rxa5 Rxc3 37. Rxb5 Ne3+ 38. Kf2 Nf5 39. Nd2 Nd4
40. Rd5 Nxb3 41. Nxb3 Rxb3 42. h3 h6 43. Rd6 g5 44. Ra6 h5 45. Rc6 f6 46. Ra6
Kg6 47. Ra5 Rd3 48. Rb5 h4 49. Ra5 Kf7 50. Ra6 Ke7 51. Rb6 Rd6 52. Rb8 Ke6 53.
Ke3 Rd5 54. Rb3 Ke5 55. Kf3 f5 56. Re3+ Kf6 57. Ra3 Rd4 58. Ra6+ Kf7 59. Ke3 Rb4
60. Ra5 Kg6 61. Ra6+ Kh5 62. Rf6 Rb3+ 63. Kf2 Rb2+ 64. Kg1 Rb5 65. Rc6 g4 66.
hxg4+ fxg4 67. Rc2 Rb1+ 68. Kf2 g3+ 69. Ke3 h3 70. gxh3 Kh4 71. Rc8 g2 72. Kf4
Rf1+ 0-1

[Event "2nd Karpov Trophy Prelim"]
[Site "Cap d'Agde FRA"]
[Date "2013.10.28"]
[Round "8.3"]
[White "Muzychuk, Mariya"]
[Black "Bacrot, Etienne"]
[Result "1/2-1/2"]
[WhiteTitle "IM"]
[BlackTitle "GM"]
[WhiteElo "2491"]
[BlackElo "2730"]
[WhiteFideId "14114550"]
[BlackFideId "605506"]
[EventDate "2013.10.25"]

1. e4 e5 2. Nf3 Nc6 3. d4 exd4 4. Nxd4 Nf6 5. Nxc6 bxc6 6. e5 Qe7 7. Qe2 Nd5 8.
c4 Nb6 9. Nc3 Qe6 10. Qe4 Bb4 11. Bd2 Ba6 12. b3 Bxc3 13. Bxc3 d5 14. Qh4 dxc4
15. Be2 Nd5 16. Bxc4 g5 17. Qd4 Bxc4 18. Qxc4 O-O-O 19. g3 Kb7 20. O-O Nf4 21.
Qxe6 Nxe6 22. Rad1 Rd5 23. Kg2 Rhd8 24. Rxd5 cxd5 25. f4 gxf4 26. gxf4 Rg8+ 27.
Kf3 c5 28. h4 Kc6 29. f5 Nf8 30. Rc1 Nd7 31. e6 fxe6 32. fxe6 Nf8 33. e7 Ng6 34.
Bd4 Nxh4+ 35. Kf2 Kd7 36. Bxc5 Ng6 37. Rd1 Nxe7 38. Bxe7 Kxe7 39. Rxd5 Ke6 40.
Ra5 Rg7 41. Kf3 Kd6 42. Ke4 Kc6 43. Kd4 Rg4+ 44. Kc3 Rg3+ 45. Kc4 Rg4+ 1/2-1/2

[Event "2nd Karpov Trophy Prelim"]
[Site "Cap d'Agde FRA"]
[Date "2013.10.29"]
[Round "9.1"]
[White "Ivanchuk, Vassily"]
[Black "Zhao, Xue"]
[Result "1/2-1/2"]
[WhiteTitle "GM"]
[BlackTitle "GM"]
[WhiteElo "2733"]
[BlackElo "2579"]
[WhiteFideId "14100010"]
[BlackFideId "8601283"]
[EventDate "2013.10.25"]

1. d4 Nf6 2. Bg5 e6 3. Nd2 h6 4. Bh4 d5 5. e3 c5 6. c3 Nc6 7. f4 Qb6 8. Rb1 Bd7
9. Bd3 Bd6 10. Nh3 Ne7 11. Qe2 Qc7 12. Nf2 O-O-O 13. a3 Rdg8 14. Nf3 Kb8 15. Rf1
c4 16. Bc2 Nf5 17. Bxf5 exf5 18. Bxf6 gxf6 19. g3 Re8 20. Kd2 Re7 21. Qd1 h5 22.
Nh4 Ka8 23. Qc2 Qc8 24. Rfe1 Be6 25. Ke2 Rc7 26. Kf3 Qd7 27. Kg2 Rc6 28. Nh3
Rhc8 29. Qd1 Rh8 30. Ng1 Rb6 31. Ngf3 Ra6 32. Nd2 Qc8 33. Ra1 Rc6 34. Qc2 Qd7
35. Rec1 Qc8 36. Kf2 Qd7 37. a4 Ra6 38. Qd1 Rb6 39. Ra2 Ra6 40. Rca1 Qc8 41. Qc2
Qd7 42. Qd1 Qc8 43. Qc2 1/2-1/2

[Event "2nd Karpov Trophy Prelim"]
[Site "Cap d'Agde FRA"]
[Date "2013.10.29"]
[Round "9.2"]
[White "Pelletier, Yannick"]
[Black "Maisuradze, Nino"]
[Result "1-0"]
[WhiteTitle "GM"]
[BlackTitle "WGM"]
[WhiteElo "2578"]
[BlackElo "2302"]
[WhiteFideId "1301837"]
[BlackFideId "13601717"]
[EventDate "2013.10.25"]

1. d4 Nf6 2. Nf3 e6 3. c4 c5 4. e3 d5 5. cxd5 exd5 6. Nc3 Nc6 7. Be2 Be7 8. dxc5
Bxc5 9. O-O a6 10. b3 O-O 11. Bb2 Ba7 12. Qc2 Be6 13. Ng5 Rc8 14. Rad1 g6 15.
Nxe6 fxe6 16. Qd2 Qd6 17. Kh1 Bb8 18. f4 Rcd8 19. Bf3 Ne7 20. Ne2 Nf5 21. g3 Ba7
22. Nd4 Nh6 23. Bg2 Nhg4 24. h3 Nh6 25. g4 Nd7 26. Nxe6 d4 27. Nxd8 Rxd8 28. Qa5
Bb6 29. Qd5+ 1-0

[Event "2nd Karpov Trophy Prelim"]
[Site "Cap d'Agde FRA"]
[Date "2013.10.29"]
[Round "10.1"]
[White "Zhao, Xue"]
[Black "Pelletier, Yannick"]
[Result "0-1"]
[WhiteTitle "GM"]
[BlackTitle "GM"]
[WhiteElo "2579"]
[BlackElo "2578"]
[WhiteFideId "8601283"]
[BlackFideId "1301837"]
[EventDate "2013.10.25"]

1. d4 e6 2. c4 Nf6 3. Nc3 Bb4 4. Nf3 c5 5. d5 b5 6. dxe6 fxe6 7. cxb5 a6 8. bxa6
Bxa6 9. a3 Ba5 10. e3 Bxf1 11. Kxf1 O-O 12. b4 Bxb4 13. Na4 Ba5 14. Nxc5 Qb6 15.
Nd3 Ne4 16. Bb2 Nc6 17. Rc1 Rf5 18. Qc2 Raf8 19. Ke2 Bd2 20. Rb1 Qa6 21. Rbd1
Rc5 22. Qb1 Rb8 23. Nxd2 Nc3+ 24. Ke1 Rxb2 0-1

[Event "2nd Karpov Trophy Prelim"]
[Site "Cap d'Agde FRA"]
[Date "2013.10.29"]
[Round "10.2"]
[White "Maisuradze, Nino"]
[Black "Bacrot, Etienne"]
[Result "0-1"]
[WhiteTitle "WGM"]
[BlackTitle "GM"]
[WhiteElo "2302"]
[BlackElo "2730"]
[WhiteFideId "13601717"]
[BlackFideId "605506"]
[EventDate "2013.10.25"]

1. d4 Nf6 2. Bg5 d5 3. Nf3 c5 4. c3 Nc6 5. e3 Qb6 6. Qc1 Ne4 7. Bf4 Bf5 8. Nbd2
Rc8 9. Nb3 e6 10. Be2 Be7 11. O-O O-O 12. h3 h6 13. Ne5 Rfd8 14. g4 Bh7 15. f3
Nf6 16. Kh1 Nd7 17. Nxc6 bxc6 18. Rg1 a5 19. Rg2 cxd4 20. exd4 a4 21. Nd2 c5 22.
Be3 cxd4 23. Bxd4 Qb8 24. b3 e5 25. Bf2 Bg5 26. c4 Qb4 27. Be1 Qe7 28. bxa4 e4
29. Qd1 e3 30. Nf1 d4 31. Qxd4 Bf6 32. Qd1 Nc5 33. Qc1 Bxa1 34. Qxa1 Nd3 35. Bc3
f6 36. Ba5 Re8 37. Qd4 Qc5 38. Bb6 Qxd4 39. Bxd4 Nf4 40. Rh2 Nxe2 41. Rxe2 Bd3
42. Re1 Bxf1 43. Rxf1 Rxc4 44. Bb6 Rxa4 45. Re1 Rxa2 0-1

[Event "2nd Karpov Trophy Prelim"]
[Site "Cap d'Agde FRA"]
[Date "2013.10.30"]
[Round "11.1"]
[White "Muzychuk, Mariya"]
[Black "Zhao, Xue"]
[Result "1-0"]
[WhiteTitle "IM"]
[BlackTitle "GM"]
[WhiteElo "2491"]
[BlackElo "2579"]
[WhiteFideId "14114550"]
[BlackFideId "8601283"]
[EventDate "2013.10.25"]

1. e4 e5 2. Nf3 Nc6 3. c3 Nf6 4. d4 exd4 5. e5 Ne4 6. Qe2 f5 7. exf6 d5 8. Nbd2
Qxf6 9. Nxe4 dxe4 10. Qxe4+ Qe6 11. Bd3 Bd7 12. O-O O-O-O 13. Nxd4 Nxd4 14. cxd4
Qxe4 15. Bxe4 Bb5 16. Rd1 Be7 17. Bf4 g6 18. Be5 Rhf8 19. g3 Be2 20. Re1 Bg4 21.
Rac1 Rd7 22. a3 Bd6 23. Rc2 Bh3 24. Rec1 Bxe5 25. dxe5 Rfd8 26. f4 Rd1+ 27. Rxd1
Rxd1+ 28. Kf2 Kd7 29. Bf3 Rf1+ 30. Ke2 Rb1 31. Bxb7 c5 32. Be4 Ke7 33. Rxc5 1-0

[Event "2nd Karpov Trophy Prelim"]
[Site "Cap d'Agde FRA"]
[Date "2013.10.30"]
[Round "11.3"]
[White "Ivanchuk, Vassily"]
[Black "Sebag, Marie"]
[Result "1/2-1/2"]
[WhiteTitle "GM"]
[BlackTitle "GM"]
[WhiteElo "2733"]
[BlackElo "2510"]
[WhiteFideId "14100010"]
[BlackFideId "617822"]
[EventDate "2013.10.25"]

1. d4 d5 2. c4 c6 3. Nc3 Nf6 4. e3 e6 5. Nf3 Nbd7 6. Qc2 Bd6 7. Bd3 O-O 8. O-O
e5 9. cxd5 cxd5 10. Nb5 Bb8 11. dxe5 Nxe5 12. Nxe5 Bxe5 13. Bd2 a6 14. Bc3 Bxc3
15. Nxc3 d4 16. Ne4 Ng4 17. exd4 Qxd4 18. Rad1 Qe5 19. Ng3 Nf6 20. Rfe1 Qa5 21.
Ne4 Nxe4 22. Bxe4 h6 23. a3 Bg4 24. f3 Be6 25. Qf2 Rab8 26. f4 Rfd8 27. h3 b5
28. f5 Bb3 29. Rc1 b4 30. Rc5 Qb6 31. Rec1 bxa3 32. bxa3 Qf6 33. Rc6 Qe5 34. Bf3
Qxf5 35. Rxa6 Bd5 36. Bxd5 Qxf2+ 37. Kxf2 Rxd5 38. Rc2 Rdb5 39. a4 Rb2 40. Rc6
R8b3 41. a5 Rxc2+ 42. Rxc2 Ra3 43. Rc8+ Kh7 44. Rc5 g5 45. Ke2 Kg6 46. Rc6+ f6
47. a6 h5 48. Kf2 h4 49. Rb6 Kf5 50. Rc6 Kg6 51. Rb6 Kf5 1/2-1/2

[Event "2nd Karpov Trophy Prelim"]
[Site "Cap d'Agde FRA"]
[Date "2013.10.30"]
[Round "11.4"]
[White "Bacrot, Etienne"]
[Black "Pelletier, Yannick"]
[Result "1/2-1/2"]
[WhiteTitle "GM"]
[BlackTitle "GM"]
[WhiteElo "2730"]
[BlackElo "2578"]
[WhiteFideId "605506"]
[BlackFideId "1301837"]
[EventDate "2013.10.25"]

1. d4 Nf6 2. c4 e6 3. Nf3 d5 4. Bg5 dxc4 5. Nc3 Bb4 6. e4 h6 7. Bxf6 Qxf6 8.
Bxc4 c5 9. e5 Qd8 10. O-O cxd4 11. Ne4 O-O 12. Qe2 Be7 13. Rfd1 Qb6 14. Rxd4 Nc6
15. Rdd1 Rd8 16. Rxd8+ Qxd8 17. Rd1 Qc7 18. Nd6 Bd7 19. Nb5 Qc8 20. Nd6 Qc7 21.
Nb5 Qc8 22. Nd6 1/2-1/2

[Event "2nd Karpov Trophy Prelim"]
[Site "Cap d'Agde FRA"]
[Date "2013.10.30"]
[Round "12.2"]
[White "Zhao, Xue"]
[Black "Bacrot, Etienne"]
[Result "0-1"]
[WhiteTitle "GM"]
[BlackTitle "GM"]
[WhiteElo "2579"]
[BlackElo "2730"]
[WhiteFideId "8601283"]
[BlackFideId "605506"]
[EventDate "2013.10.25"]

1. d4 d5 2. c4 e6 3. Nc3 Nf6 4. Nf3 c5 5. cxd5 Nxd5 6. e4 Nxc3 7. bxc3 cxd4 8.
cxd4 Bb4+ 9. Bd2 Bxd2+ 10. Qxd2 O-O 11. Bc4 Nd7 12. O-O b6 13. Rad1 Bb7 14. Qe3
Rc8 15. Bb3 Qe7 16. Rfe1 Rfd8 17. e5 h6 18. h3 Nf8 19. Nd2 Qg5 20. Qxg5 hxg5 21.
Ne4 Bxe4 22. Rxe4 b5 23. d5 a5 24. a4 exd5 25. Rg4 Rc3 26. Bxd5 Ne6 27. Kh2 b4
28. Rg3 Kf8 29. Bb3 Rxd1 30. Bxd1 Rxg3 31. Kxg3 Nd4 0-1

[Event "2nd Karpov Trophy Prelim"]
[Site "Cap d'Agde FRA"]
[Date "2013.10.30"]
[Round "12.3"]
[White "Pelletier, Yannick"]
[Black "Karpov, Anatoly"]
[Result "1/2-1/2"]
[WhiteTitle "GM"]
[BlackTitle "GM"]
[WhiteElo "2578"]
[BlackElo "2619"]
[WhiteFideId "1301837"]
[BlackFideId "4100026"]
[EventDate "2013.10.25"]

1. d4 Nf6 2. c4 e6 3. g3 d5 4. Bg2 Be7 5. Nf3 O-O 6. O-O dxc4 7. Qc2 a6 8. a4
Bd7 9. Qxc4 Bc6 10. Bg5 Bd5 11. Qd3 c5 12. dxc5 Nbd7 1/2-1/2

[Event "2nd Karpov Trophy Prelim"]
[Site "Cap d'Agde FRA"]
[Date "2013.10.30"]
[Round "12.4"]
[White "Maisuradze, Nino"]
[Black "Ivanchuk, Vassily"]
[Result "0-1"]
[WhiteTitle "WGM"]
[BlackTitle "GM"]
[WhiteElo "2302"]
[BlackElo "2733"]
[WhiteFideId "13601717"]
[BlackFideId "14100010"]
[EventDate "2013.10.25"]

1. d4 d6 2. c4 e5 3. Nf3 e4 4. Ng5 f5 5. g3 Be7 6. h4 Nf6 7. Nc3 c6 8. Bg2 O-O
9. Qb3 Kh8 10. Bd2 Na6 11. O-O-O Nc7 12. f3 d5 13. cxd5 cxd5 14. Bf4 Bd6 15. Be5
Qe7 16. fxe4 fxe4 17. Bf4 b5 18. e3 b4 19. Na4 Ng4 20. Rd2 Ba6 21. Bf1 Bxf4 22.
gxf4 Bc4 23. Bxc4 dxc4 24. Qxc4 Nxe3 25. Qc5 Qd7 26. Qxb4 Rab8 27. Nc5 Qd5 28.
Qa4 Rxf4 29. Qxa7 Qc4+ 30. Kb1 Rf1+ 0-1

[Event "2nd Karpov Trophy Prelim"]
[Site "Cap d'Agde FRA"]
[Date "2013.10.31"]
[Round "13.2"]
[White "Muzychuk, Mariya"]
[Black "Maisuradze, Nino"]
[Result "1-0"]
[WhiteTitle "IM"]
[BlackTitle "WGM"]
[WhiteElo "2491"]
[BlackElo "2302"]
[WhiteFideId "14114550"]
[BlackFideId "13601717"]
[EventDate "2013.10.25"]

1. e4 c5 2. Nf3 Nc6 3. Bb5 d6 4. O-O Bd7 5. Re1 Nf6 6. c3 a6 7. Bf1 Bg4 8. h3
Bxf3 9. Qxf3 g6 10. d3 Bg7 11. Be3 Nd7 12. Nd2 O-O 13. Qd1 b5 14. Nf3 b4 15. Qa4
Qc7 16. d4 Nb6 17. Qc2 bxc3 18. bxc3 Na5 19. dxc5 dxc5 20. Nd2 Qe5 21. Rec1 Rfc8
22. Rab1 Qe6 23. Nb3 Nb7 24. Be2 h5 25. f4 Rc7 26. Nd2 Na5 27. c4 Rb8 28. Nf3
Rcc8 29. e5 Qc6 30. f5 Nb7 31. fxg6 fxg6 32. Bd3 Na5 33. Nh4 Bxe5 34. Nxg6 Bf6
35. Nf4 h4 36. Bf5 Rd8 37. Be6+ Kh8 38. Qg6 1-0

[Event "2nd Karpov Trophy Prelim"]
[Site "Cap d'Agde FRA"]
[Date "2013.10.31"]
[Round "13.3"]
[White "Ivanchuk, Vassily"]
[Black "Pelletier, Yannick"]
[Result "1-0"]
[WhiteTitle "GM"]
[BlackTitle "GM"]
[WhiteElo "2733"]
[BlackElo "2578"]
[WhiteFideId "14100010"]
[BlackFideId "1301837"]
[EventDate "2013.10.25"]

1. e4 e6 2. d4 d5 3. Nc3 dxe4 4. Nxe4 Nd7 5. Nf3 Ngf6 6. Nxf6+ Nxf6 7. Be3 Bd6
8. Bd3 O-O 9. Qe2 b6 10. O-O-O Bb7 11. Bg5 h6 12. Bh4 Be7 13. Kb1 Nd5 14. Bg3
Nb4 15. Bc4 Bd5 16. Ne5 Bd6 17. Rhe1 Qc8 18. f4 Bxc4 19. Nxc4 Qd7 20. a3 Nd5 21.
Qf3 f5 22. Re2 b5 23. Nd2 a5 24. Rde1 Rfe8 25. Nb3 c6 26. Nc5 Bxc5 27. dxc5 Nf6
28. Re3 Qd5 29. Qxd5 exd5 30. Rxe8+ Rxe8 31. Rxe8+ Nxe8 32. a4 b4 33. Bh4 Nc7
34. Bd8 Na6 35. Bb6 Kf7 36. c3 bxc3 37. bxc3 Ke6 38. Kc2 g6 39. Kd3 Kd7 40. Kd4
Ke6 41. Bxa5 h5 42. Bb6 Nb8 43. Ke3 Na6 44. Kf3 Nb8 45. Kg3 Na6 46. Kh4 Kf6 47.
a5 Nb8 48. Bc7 Na6 49. Bd6 Kf7 50. Kg5 Kg7 51. h4 Kf7 52. Kh6 Kf6 53. Kh7 Kf7
54. g3 d4 55. cxd4 Nb4 56. Be5 Na6 57. d5 cxd5 58. c6 d4 1-0

[Event "2nd Karpov Trophy Prelim"]
[Site "Cap d'Agde FRA"]
[Date "2013.10.31"]
[Round "13.4"]
[White "Karpov, Anatoly"]
[Black "Bacrot, Etienne"]
[Result "1/2-1/2"]
[WhiteTitle "GM"]
[BlackTitle "GM"]
[WhiteElo "2619"]
[BlackElo "2730"]
[WhiteFideId "4100026"]
[BlackFideId "605506"]
[EventDate "2013.10.25"]

1. d4 Nf6 2. c4 g6 3. Nf3 Bg7 4. g3 d5 5. Bg2 dxc4 6. Na3 c3 7. bxc3 O-O 8. O-O
c5 9. Qb3 Be6 10. Qxb7 Bd5 11. Qb2 Nc6 12. Bf4 Nh5 13. Nc2 Nxf4 14. gxf4 Rb8 15.
Qa3 cxd4 16. Ncxd4 Nxd4 17. cxd4 Bxf3 18. Bxf3 Qxd4 19. e3 Qb4 1/2-1/2

[Event "2nd Karpov Trophy Prelim"]
[Site "Cap d'Agde FRA"]
[Date "2013.10.31"]
[Round "14.1"]
[White "Maisuradze, Nino"]
[Black "Sebag, Marie"]
[Result "0-1"]
[WhiteTitle "WGM"]
[BlackTitle "GM"]
[WhiteElo "2302"]
[BlackElo "2510"]
[WhiteFideId "13601717"]
[BlackFideId "617822"]
[EventDate "2013.10.25"]

1. d4 d5 2. c4 c6 3. cxd5 cxd5 4. Nc3 Nf6 5. Bf4 Nc6 6. e3 a6 7. Bd3 Bg4 8. Nge2
e6 9. Qb3 Ra7 10. O-O Be7 11. Rac1 O-O 12. h3 Bh5 13. Na4 Nd7 14. Bg3 Bg6 15.
Nf4 Na5 16. Qc2 b5 17. Nxg6 hxg6 18. Bc7 Rxc7 19. Qxc7 bxa4 20. Bxa6 Nb6 21. Rc2
Bd6 22. Qxd8 Rxd8 23. Rfc1 Rb8 24. Bb5 Kf8 25. Kf1 Ke7 26. Ke2 Nbc4 27. Bxa4
Nxb2 28. Bb3 Nbc4 29. Bxc4 Nxc4 30. Rc3 Ra8 31. R1c2 Na3 32. Rc8 Ra7 33. Rb2 Nc4
34. Rc2 g5 35. Rh8 g6 36. h4 gxh4 37. Rxh4 Ba3 38. Rh8 Bd6 39. Rc8 Kd7 40. Rh8
Ra3 41. g4 e5 42. dxe5 Bxe5 43. Rh7 Ke6 44. e4 Nd6 45. exd5+ Kxd5 46. Rh1 Nb5
47. Rd1+ Nd4+ 48. Kf1 Ke4 49. Re1+ Kf4 50. Rc5 Nf3 51. Rd1 Kxg4 52. Rc4+ Bf4 53.
Rd7 Rxa2 54. Rb4 Ra1+ 55. Ke2 Re1+ 0-1

[Event "2nd Karpov Trophy Prelim"]
[Site "Cap d'Agde FRA"]
[Date "2013.10.31"]
[Round "14.2"]
[White "Pelletier, Yannick"]
[Black "Muzychuk, Mariya"]
[Result "1/2-1/2"]
[WhiteTitle "GM"]
[BlackTitle "IM"]
[WhiteElo "2578"]
[BlackElo "2491"]
[WhiteFideId "1301837"]
[BlackFideId "14114550"]
[EventDate "2013.10.25"]

1. d4 d5 2. c4 c6 3. Nc3 Nf6 4. e3 e6 5. Nf3 Nbd7 6. Qc2 Bd6 7. Bd3 O-O 8. O-O
e5 9. cxd5 cxd5 10. e4 exd4 11. Nxd5 Nxd5 12. exd5 h6 13. Rd1 Ne5 14. Nxd4 Bg4
15. Be2 Re8 16. Bxg4 Nxg4 17. h3 Rc8 18. Qf5 Nf6 19. Nf3 Re4 20. Ne1 Re5 21. Qf3
Rxd5 22. Be3 b6 23. Rac1 Rxc1 24. Rxc1 Bb4 25. Nc2 Bd2 26. Rd1 Bxe3 27. Nxe3
Rxd1+ 28. Qxd1 Qxd1+ 29. Nxd1 Nd5 30. Kf1 1/2-1/2

[Event "2nd Karpov Trophy Prelim"]
[Site "Cap d'Agde FRA"]
[Date "2013.10.31"]
[Round "14.3"]
[White "Zhao, Xue"]
[Black "Karpov, Anatoly"]
[Result "1/2-1/2"]
[WhiteTitle "GM"]
[BlackTitle "GM"]
[WhiteElo "2579"]
[BlackElo "2619"]
[WhiteFideId "8601283"]
[BlackFideId "4100026"]
[EventDate "2013.10.25"]

1. c4 Nf6 2. Nf3 b6 3. b3 Bb7 4. Bb2 e6 5. e3 c5 6. Be2 Be7 7. O-O O-O 8. d4
cxd4 9. Nxd4 d5 10. cxd5 Nxd5 11. Nd2 Nc6 12. Nxc6 Bxc6 13. Rc1 Bb7 14. Nc4 Rc8
15. Qd2 Nf6 16. Bd4 Bc5 17. Bxc5 Rxc5 18. Rfd1 Qxd2 19. Nxd2 Rxc1 20. Rxc1 Rd8
21. Nf1 Kf8 22. f3 Rc8 23. Rxc8+ Bxc8 24. e4 Ke7 25. Kf2 e5 26. Ke3 Ne8 27. Nd2
Nd6 28. Nc4 1/2-1/2

[Event "2nd Karpov Trophy Prelim"]
[Site "Cap d'Agde FRA"]
[Date "2013.10.31"]
[Round "14.4"]
[White "Bacrot, Etienne"]
[Black "Ivanchuk, Vassily"]
[Result "1/2-1/2"]
[WhiteTitle "GM"]
[BlackTitle "GM"]
[WhiteElo "2730"]
[BlackElo "2733"]
[WhiteFideId "605506"]
[BlackFideId "14100010"]
[EventDate "2013.10.25"]

1. Nf3 d5 2. d4 Nf6 3. c4 c6 4. Nc3 a6 5. c5 Bf5 6. Nh4 Bc8 7. Nf3 Bf5 8. Bf4
Nbd7 9. e3 e6 10. Be2 Ne4 11. Nxe4 Bxe4 12. O-O Bxf3 13. Bxf3 Be7 14. h3 O-O 15.
b4 Qc8 16. a4 Bd8 17. b5 axb5 18. axb5 Rxa1 19. Qxa1 Bc7 20. b6 Bb8 21. Bxb8
Qxb8 22. Qc3 e5 23. Ra1 f5 24. g3 e4 25. Be2 g5 26. Ra7 Nf6 27. Kf1 Kh8 28. Ke1
Rg8 29. Kd2 f4 1/2-1/2